000 00391cam a22001217a 4500
008 180718b1990 xxu||||| |||| 00| 0 eng d
082 _aPROJ.REP. 1990/DATTA
100 _aDatta, Abhijit
245 _aMunicipal financial management in India
_cby Abhijit Datta
260 _aNew Delhi
_bIndian Institute of Public Administration
_c1990
300 _a81p.
440 _aIIPA Working Paper, 1990: 1
999 _c492317
_d492317